| Tag |
First Indicator |
Second Indicator |
Subfields |
| LEADER |
00000cam a2200000 4500 |
| 001 |
in00000026437 |
| 005 |
20151007061255.0 |
| 008 |
720725r1966 nyu 00000 eng |
| 010 |
|
|
|a 66015051
|
| 035 |
|
|
|a (OCoLC)00364938
|
| 035 |
|
|
|9 AAD1634AM
|
| 040 |
|
|
|a DLC
|c WSU
|d TXA
|d UtOrBLW
|
| 049 |
|
|
|a TXAM
|c [462108]
|
| 050 |
|
0 |
|a PR6013.R35
|b L6 1966
|
| 092 |
|
|
|a 821
|b G776
|
| 100 |
1 |
|
|a Graves, Robert,
|d 1895-1985.
|
| 245 |
1 |
0 |
|a Love respelt.
|
| 250 |
|
|
|a [1st ed. in the U.S.A.].
|
| 264 |
|
1 |
|a Garden City, N.Y. :
|b Doubleday,
|c 1966.
|
| 300 |
|
|
|a viii, 44 pages :
|b portrait ;
|c 22 cm.
|
| 336 |
|
|
|a text
|b txt
|2 rdacontent
|
| 337 |
|
|
|a unmediated
|b n
|2 rdamedia
|
| 338 |
|
|
|a volume
|b nc
|2 rdacarrier
|
| 999 |
|
|
|a MARS
|
| 999 |
f |
f |
|s b00a7d28-af80-39b8-b4a8-e7bc6a54c83c
|i cda582bb-d900-3015-aaaf-7667d0448585
|t 0
|
| 952 |
f |
f |
|p ric
|a Texas A&M University
|b Rellis Campus
|c Joint Library Facility
|d Remote Storage
|t 0
|e PR6013.R35 L6 1966
|h Library of Congress classification
|i unmediated -- volume
|m A14801280197
|
| 998 |
f |
f |
|a PR6013.R35 L6 1966
|t 0
|l Remote Storage
|